- Landesmann, Monique
Entry Nombre Personal
001 - NUMERO DE CONTROL
- campo de control: 38353
003 - IDENTIFICADOR DE NUMERO DE CONTROL
- campo de control: DLC
005 - FECHA Y HORA DE LA ÜLTIMA TRANSACCIÓN
- campo de control: 20240417120835.0
008 - DATOS DE LONGITUD FIJA
- campo de control de longitud fija: 920221n| azannaabn |a aaa
010 ## - NÚMERO DE CONTROL DE LA BIBLIOTECA DEL CONGRESO
- Número de control LC: n 92018837
035 ## - NUMERO DE CONTROL
- Número de control: (OCoLC)oca03114446
040 ## - FUENTE DE CATALOGACIÓN
- Agencia original de catalogación: DLC
- Lenguaje de catalogación: spa
- Description conventions: rda
- Agencia de transcripción: DLC
- Agencia que lo modifica: CSt
- Agencia que lo modifica: MX-MxUPN
100 1# - ENCABEZAMIENTO - NOMBRE PERSONAL
- Nombre personal: Landesmann, Monique
373 ## - GRUPO ASOCIADO
- Associated group: Universidad Nacional Autónoma de México
- Fuente del término: naf
374 ## - OCUPACIÓN
- Occupation: Profesora universitaria
377 ## - LENGUA ASOCIADA
- Language code: spa
400 1# - VEÁSE - NOMBRE DE PERSONA
- Control subfield: nne
- Personal name: Landesman, Monique
670 ## - FUENTE EN LA QUE SE LOCALIZARON DATOS
- Cita de la fuente: Currículum, racionalidad y conocimiento, 1988:
- Información localizada: portada (Monique Landesman) página 5 (Monique Landesmann)
670 ## - FUENTE EN LA QUE SE LOCALIZARON DATOS
- Cita de la fuente: Historias, identidades y culturas académicas, 2015:
- Información localizada: portada (Monique Landesmann) solapa (Monique Landesmann; licenciada en ciencias (Universidad de París); master's in social medicine (Universidad Autónoma Metropolitana-Xochimilco); doctor of letters and social sciences with specialization in education from Universidad de París X; professor at Universidad Nacional Autónoma de México)
670 ## - FUENTE EN LA QUE SE LOCALIZARON DATOS
- Cita de la fuente: Maestros, entrevistas e identidad, 1989:
- Información localizada: portada (Monique Landesmann)
902 ## - CATALOGADOR
- Catalogador: Víctor Ruiz/170424
